00286nam a2200109Ia 450000500170000000800410001710000200005824500530007826000250013130000110015665000090016720260326100036.0260326s9999||||xx |||||||||||||| ||und|| ade Mesa, José 0aEscultura virreinal en Bolivia /cJosé de Mesa bArte grafica Burillo a489 p. aARTE